Welcome to the Holygrace Academy Library

Please use search bar below to get started

SEIZURE (Record no. 2495)

MARC details
000 -LEADER
fixed length control field 00452nam a22001337a 4500
082 ## - DEWEY DECIMAL CLASSIFICATION NUMBER
Classification number 823
Item number COO/S
100 ## - MAIN ENTRY--AUTHOR NAME
Personal name COOK, ROBIN
245 ## - TITLE STATEMENT
Title SEIZURE
260 ## - PUBLICATION, DISTRIBUTION, ETC. (IMPRINT)
Place of publication LONDON
Name of publisher PAN BOOKS
300 ## - PHYSICAL DESCRIPTION
Number of Pages 454
520 ## - SUMMARY, ETC.
Summary, etc In a perilous attempt to prematurely harness Lowell's new technology, the therapy leaves the senator with the horrifying effects of temporal lobe epilepsy—seizures of the most bizarre order.
650 ## - SUBJECT ADDED ENTRY--TOPICAL TERM
Topical Term NOVEL,ENGLISH
Geographic subdivision LONDON
942 ## - ADDED ENTRY ELEMENTS (KOHA)
Koha item type Books
Holdings
Withdrawn status Lost status Collection code Home library Current library Shelving location Date acquired Source of acquisition Full call number Accession Number Koha item type
    Fiction Main Library Main Library SHELF-2-E ENGLIAH NOVEL TEACHERS 08/02/2010 PURCHASE 823 COO/S 04912 Books